Flash 5 Bible (Record no. 33580)
[ view plain ]
| 000 -LEADER | |
|---|---|
| fixed length control field | 00311nam a2200145Ia 4500 |
| 082 ## - DEWEY DECIMAL CLASSIFICATION NUMBER | |
| Classification number | 5.1 |
| 100 ## - MAIN ENTRY--PERSONAL NAME | |
| Personal name | Reinhardt/ Robert |
| 245 ## - TITLE STATEMENT | |
| Title | Flash 5 Bible |
| 260 ## - PUBLICATION, DISTRIBUTION, ETC. | |
| Name of publisher, distributor, etc. | IDG Books India (P) Ltd. |
| Place of publication, distribution, etc. | New Delhi |
| Date of publication, distribution, etc. | 2001 |
| 366 ## - TRADE AVAILABILITY INFORMATION | |
| Publishers's discount category | 15 |
| 300 ## - PHYSICAL DESCRIPTION | |
| Extent | 1299 |
| 546 ## - LANGUAGE NOTE | |
| Language note | ENGLISH |
| 654 ## - SUBJECT ADDED ENTRY--FACETED TOPICAL TERMS | |
| Focus term | Flash 5 Bible |
| 942 ## - ADDED ENTRY ELEMENTS (KOHA) | |
| Koha item type | BOOK |
| Withdrawn status | Lost status | Damaged status | Not for loan | Collection | Home library | Current library | Date acquired | Source of acquisition | Cost, normal purchase price | Inventory number | Total Checkouts | Full call number | Barcode | Date last seen | Cost, replacement price | Price effective from | Koha item type |
|---|---|---|---|---|---|---|---|---|---|---|---|---|---|---|---|---|---|
| AFT | Fr. Agnel's C.Rodrigues College of Engineering | Fr. Agnel's C.Rodrigues College of Engineering | 17/03/2023 | U.B.D. | 424.15 | 4644/23/07/2001 | 5.1 | AFT7533 | 17/03/2023 | 499.00 | BOOK |